000 00653nam a2200205 i 4500
001 135589
003 ES-MaACL
005 20240223183404.0
007 t|
008 070720s1969 sp ||||1| spa d
080 _a86.0(728.5) Dario, Rubén 1.06
080 _a86-4"19"
100 1 _aTorre, Guillermo de (
_d1900-1971)
_9110740
245 1 0 _aVigencia de Rubén Darío y otras páginas /
_cGuillermo de Torre.
260 _aMadrid :
_bGuadarrama,
_c[1969]
300 _a212 p. ;
_c18 cm.
600 1 4 _aDarío, Rubén,
_d1867-1916-
_xCrítica e interpretación
_942722
852 _aES-MaACL
_jC-37055
_bR.70451
999 _c135589
_d135589